Statistics for All Pokémon Games

Click here to take the quiz!

General Stats

  • This quiz has been taken 15 times
  • The average score is 32 of 37

Answer Stats

Box Art PokémonGame% Correct
ZekromBlack
100%
BlastoiseBlue
100%
CharizardRed
100%
GroudonRuby
100%
KyogreSapphire
100%
ReshiramWhite
100%
YveltalY
100%
PikachuYellow
100%
DialgaDiamond
91%
RayquazaEmerald
91%
Ho-OhGold
91%
EeveeLet's Go Eevee
91%
PikachuLet's Go Pikachu
91%
PalkiaPearl
91%
GiratinaPlatinum
91%
KoradionScarlet
91%
LugiaSilver
91%
MiraidonViolet
91%
XerneasX
91%
CharizardFireRed
82%
Ho-OhHeartGold
82%
VenusaurLeafGreen
82%
LunalaMoon
82%
ZamazentaShield
82%
PalkiaShining Pearl
82%
LugiaSoulSilver
82%
SolgaleoSun
82%
ZacianSword
82%
Primal KyogreAlpha Sapphire
73%
Black KyuremBlack 2
73%
DialgaBrilliant Diamond
73%
ArceusLegends Arceus
73%
Primal GroudonOmega Ruby
73%
Dawn Wings NecrozmaUltra Moon
73%
Dusk Mane NecrozmaUltra Sun
73%
White KyuremWhite 2
73%
SuicuneCrystal
64%

Score Distribution

Percentile by Number Answered

Percent of People with Each Score

Your Score History

You have not taken this quiz